Statistiken für Deutsche Volkslieder und Kinderlieder

Klicken Sie hier um das Quiz zu spielen!

Allgemein

  • Dieses Quiz wurde 1.355 mal gespielt
  • Das Durchschnittsergebnis liegt bei 12 aus 20

Antwortstatistiken

Lied% Korrekt
Drei Chinesen mit dem {Kontrabass}
98%
Backe, backe {Kuchen}
96%
Meine Oma fährt im {Hühnerstall} Motorrad
94%
ABC, die Katze lief im {Schnee}
93%
Kommt ein Vogel {geflogen}
89%
Hänschen {klein}
88%
Grün, grün, grün sind alle meine {Kleider}
81%
Das {Wandern} ist des Müllers Lust
74%
Ein {Männlein} steht im Walde
72%
Wer will fleißige {Handwerker} sehen
67%
Die {Gedanken} sind frei
65%
Es klappert die {Mühle} am rauschenden Bach
58%
Weißt du, wie viel {Sternlein} stehen
55%
Der {Kuckuck} und der Esel
46%
Freut euch des {Lebens}
32%
Im {Frühtau} zu Berge
27%
{Dornröschen} war ein schönes Kind
26%
Suse, liebe Suse, was raschelt im {Stroh}
26%
{Bolle} reiste jüngst zu Pfingsten
11%
Mariechen saß weinend im {Garten}
11%

Verteilung der Resultate

Perzentil nach korrekt beantworteten Fragen

Anzahl Personen mit jedem Resultat

Ihre Resultats-Entwicklung

Sie haben dieses Quiz noch nicht gespielt